000 00931nam a2200301Ia 4500
003 OSt
005 20220912150713.0
006 a|||||r|||| 00| 0
007 ta
008 220909b |||||||| |||| 00| 0 eng d
020 _a8173197059 (pbk)
024 _a58675
037 _b0000613/2006/CRB, 26/07/2006, Narosa Book Distributors Pvt. Ltd.
037 _cTextbook
040 _aCSL
_beng
_cCSL
041 _aeng
082 _aE5:91, P6 TE
100 _aPal S C
245 0 _aNomenclature of organic compounds
260 _aNew Delhi
_b Narosa Publishing House
_c2006
300 _axiii, 156p.
_ccm.
500 _aAppendix 149-152p.
_ccm.; Index 153-156p.
_ccm.
650 _a Nomenclature
650 _a Organic compounds
650 _aChemistry
942 _hE5:91, P6 TE
_cTB
_2CC
999 _c53035
_d53035